000 00514nam a2200181Ia 4500
003 GCL
008 140319s9999 xx 000 0 ara d
040 _aGCL /
_cGCL
082 0 4 _a614.7
_bا ق
100 1 _aاحمد عبدالوهاب عبدالجواد
245 1 0 _aالقمامة ط1 /
_cاحمد عبدالوهاب عبدالجواد
260 _a[S.N] :
_bسوزانا للنشر ،
_c1991
300 _a195 ص
490 _a
650 0 4 _aالتلوث
650 0 4 _aالقمامة
942 _2ddc
_cBK
999 _c53658
_d53658